| 000 | 01145nam a22003257a 4500 | ||
|---|---|---|---|
| 003 | CHAP | ||
| 005 | 20220329140701.0 | ||
| 008 | 971013s1974 r 00010 d | ||
| 010 | _a55986 | ||
| 011 | _a56958 | ||
| 035 | _a61111 | ||
| 040 | _cCHAP | ||
| 090 | _aTesis | ||
| 100 | 0 | 0 |
_aSchiavo Bernasconi, Carlos Nelson. _9102982 |
| 245 | _aProblemas en la comercialización de los bovinos para el abasto en México y sus repercusiones en la producción y consumo de carne | ||
| 260 |
_aChapingo, Méx. : _bEl autor, _c1974 |
||
| 300 |
_a219 h. _b: apénd. |
||
| 502 | _aTesis (Ing. Agr. Esp. en Zootencia) -- ENA. Departamento de Zootencia | ||
| 590 |
_aALEPH _b10 _c20130110 _lUCH01 _h1334 |
||
| 590 |
_aBATCH-UPD _b10 _c20130110 _lUCH01 _h0023 |
||
| 590 |
_aBATCH-UPD _b10 _c20130110 _lUCH01 _h2025 |
||
| 590 |
_aCONVERSION _b10 _c20130109 _lUCH01 _h1330 |
||
| 650 | 1 | 4 |
_aCarne _xConsumo. _919067 |
| 650 | 1 | 4 |
_aGanado vacuno _xMercadeo. _945481 |
| 901 | _aBK | ||
| 942 | _cFOLL | ||
| 949 |
_bBC _cTES _d-131399 _eTS1 _i61111 _si |
||
| 949 |
_bBC _cTES _d-131400 _eTS2 _fc.2 _i61111 _si |
||
| 949 |
_bBC _cTES _d33724000982146 _eTS1 _fc.3 _h19461 _i61111 _si |
||
| 999 |
_c55986 _d55986 |
||